Phlebotomy : (Record no. 119139)
[ view plain ]
| 000 -LEADER | |
|---|---|
| fixed length control field | 00751cam a22002538i 4500 |
| 001 - CONTROL NUMBER | |
| control field | 18249468 |
| 005 - DATE AND TIME OF LATEST TRANSACTION | |
| control field | 20201015102413.0 |
| 008 - FIXED-LENGTH DATA ELEMENTS--GENERAL INFORMATION | |
| fixed length control field | 140731s2016 nyu b 001 0 eng |
| 020 ## - INTERNATIONAL STANDARD BOOK NUMBER | |
| International Standard Book Number | 9780073513843 (alk. paper) |
| 020 ## - INTERNATIONAL STANDARD BOOK NUMBER | |
| International Standard Book Number | 0073513849 (alk. paper) |
| 040 ## - CATALOGING SOURCE | |
| Transcribing agency | PK-LaUMT |
| 082 00 - DEWEY DECIMAL CLASSIFICATION NUMBER | |
| Classification number | 616.07561 |
| Edition number | 23 |
| Item number | BOO-P |
| 100 1# - MAIN ENTRY--PERSONAL NAME | |
| Personal name | Booth, Kathryn A. |
| 245 10 - TITLE STATEMENT | |
| Title | Phlebotomy : |
| Remainder of title | a competency-based approach / |
| Statement of responsibility, etc | by Kathryn A. Booth and Lillian Mundt |
| 250 ## - EDITION STATEMENT | |
| Edition statement | 4th ed. |
| 260 ## - PUBLICATION, DISTRIBUTION, ETC. (IMPRINT) | |
| Place of publication, distribution, etc | New York : |
| Name of publisher, distributor, etc | McGraw-Hill, |
| Date of publication, distribution, etc | 2013 |
| 300 ## - PHYSICAL DESCRIPTION | |
| Extent | 418 p. ; |
| Dimensions | cm. |
| 650 12 - SUBJECT ADDED ENTRY--TOPICAL TERM | |
| Topical term or geographic name as entry element | Phlebotomy |
| General subdivision | methods. |
| 650 22 - SUBJECT ADDED ENTRY--TOPICAL TERM | |
| Topical term or geographic name as entry element | Clinical Laboratory Techniques. |
| 650 22 - SUBJECT ADDED ENTRY--TOPICAL TERM | |
| Topical term or geographic name as entry element | Professional Competence. |
| 650 22 - SUBJECT ADDED ENTRY--TOPICAL TERM | |
| Topical term or geographic name as entry element | Health Sciences |
| 700 1# - ADDED ENTRY--PERSONAL NAME | |
| Personal name | Mundt, Lillian A., |
| 942 ## - ADDED ENTRY ELEMENTS (KOHA) | |
| Koha item type | Books |
| Withdrawn status | Lost status | Damaged status | Home library | Current library | Date acquired | Full call number | Barcode | Date last seen | Price effective from | Koha item type |
|---|---|---|---|---|---|---|---|---|---|---|
| UMT Health Sciences Campus | UMT Health Sciences Campus | 2020-10-15 | 616.07561 BOO-P | 135530 | 2020-10-15 | 2020-10-15 | Books |
